KOHA-Header-6

Research Mathods for Business Students (Record no. 8509)

000 -LEADER
fixed length control field 00284nam a2200109Ia 4500
100 ## - MAIN ENTRY--AUTHOR NAME
Personal name Mark Saunders
245 #0 - TITLE STATEMENT
Title Research Mathods for Business Students
260 ## - PUBLICATION, DISTRIBUTION, ETC. (IMPRINT)
Place of publication New Delhi
Name of publisher Tata McGraw Hill
Year of publication 1997
300 ## - PHYSICAL DESCRIPTION
Number of Pages 744
942 ## - ADDED ENTRY ELEMENTS (KOHA)
Koha item type Books
Holdings
Withdrawn status Lost status Collection code Permanent Location Current Location Shelving location Date acquired Full call number Accession Number Koha item type
    Business MAJU MAJU   2020-11-05 658.2 3255 Books

Powered by Koha